[Event "Regionalliga NW 1213"]
[Site "Bayern"]
[Date "2013.03.17"]
[Round "8.2"]
[White "Rein, Iwan"]
[Black "Kirschneck, Toralf"]
[Result "1/2-1/2"]
[WhiteElo "2089"]
[BlackElo "2038"]
[PlyCount "66"]
[EventDate "2012.10.14"]
[EventType "team-tourn"]
[EventRounds "9"]
[EventCountry "GER"]
[SourceTitle "EXT 2015"]
[Source "ChessBase"]
[SourceDate "2014.11.20"]
[SourceVersion "1"]
[SourceVersionDate "2014.11.20"]
[SourceQuality "1"]
[WhiteTeam "Kirchenlaibach"]
[BlackTeam "Marktleuthen"]
[WhiteTeamCountry "GER"]
[BlackTeamCountry "GER"]

1. d4 Nf6 2. c4 g6 3. Nc3 Bg7 4. e4 d6 5. f3 0-0 6. Be3 c6 7. Qd2 Ne8 8. g4 e5 9. Nge2 Nd7 10. d5 f5 11. gxf5 gxf5 12. Bg5 Bf6 13. Rg1 Kh8 14. exf5 Nb6 15. Bxf6+ Qxf6 16. Ng3 Qh4 17. Nce4 cxd5 18. cxd5 Bxf5 19. 0-0-0 Bg6 20. Be2 Nf6 21. Kb1 Nbxd5 22. Ka1 Rad8 23. Nxf6 Nxf6 24. Bd3 d5 25. Bxg6 hxg6 26. Qc2 Qh7 27. Qc5 b6 28. Qe3 Rde8 29. Qg5 Re6 30. h4 d4 31. Rde1 Nd7 32. Rh1 Qe7 33. Qh6+ Qh7 1/2-1/2

[Event "Regionalliga NW 1213"]
[Site "Bayern"]
[Date "2012.11.11"]
[Round "2.3"]
[White "Pfadenhauer, Johannes"]
[Black "Kirschneck, Toralf"]
[Result "1/2-1/2"]
[WhiteElo "2057"]
[BlackElo "2038"]
[PlyCount "163"]
[EventDate "2012.10.14"]
[EventType "team-tourn"]
[EventRounds "9"]
[EventCountry "GER"]
[SourceTitle "EXT 2015"]
[Source "ChessBase"]
[SourceDate "2014.11.20"]
[SourceVersion "1"]
[SourceVersionDate "2014.11.20"]
[SourceQuality "1"]
[WhiteTeam "Kronach"]
[BlackTeam "Marktleuthen"]
[WhiteTeamCountry "GER"]
[BlackTeamCountry "GER"]

1. d4 Nf6 2. Bg5 e6 3. e4 Be7 4. Nd2 b6 5. Ngf3 Bb7 6. Bd3 d6 7. Bxf6 gxf6 8. Qe2 Nd7 9. 0-0-0 c6 10. Ne1 Qc7 11. Qh5 a5 12. Kb1 a4 13. c3 a3 14. b3 d5 15. exd5 cxd5 16. Rc1 Bc6 17. Nc2 f5 18. Qe2 Nf6 19. Nb4 Bd7 20. Rhe1 0-0 21. Nf3 Ne4 22. Bxe4 dxe4 23. Ne5 Be8 24. Qe3 Kh8 25. Qh6 f6 26. Nc4 Rg8 27. g3 b5 28. Ne3 Rg6 29. Qh3 Rc8 30. Qf1 Qb6 31. Red1 Rg8 32. Qe1 Bh5 33. Rd2 Rgd8 34. d5 Bf7 35. dxe6 Bxe6 36. Nbd5 Qc5 37. Nxe7 Qxe7 38. Rxd8+ Qxd8 39. Rd1 Qg8 40. Kc2 Rd8 41. Rxd8 Qxd8 42. Qd2 Qc7 43. Qd4 Kg7 44. Qb4 f4 45. Ng2 fxg3 46. hxg3 Qd7 47. Qd4 Qc6 48. Nf4 Bf7 49. Qb4 e3 50. fxe3 Qf3 51. Qxa3 Qxe3 52. Qd6 Qf2+ 53. Kb1 h5 54. Qd7 Kg8 55. Qxb5 Qxg3 56. Qb8+ Kh7 57. Qc7 Kg8 58. Qd6 Qe1+ 59. Kb2 Qe5 60. Qxe5 fxe5 61. Nd3 e4 62. Nf4 Kg7 63. Kc2 Kf6 64. Kd2 Ke5 65. Ke3 h4 66. c4 Be8 67. a4 Kd6 68. Kxe4 Kc5 69. Nd3+ Kb6 70. Kd4 h3 71. Nf2 h2 72. c5+ Ka5 73. Kd5 Bf7+ 74. Kd6 Bxb3 75. c6 Bc2 76. c7 Bf5 77. Ke7 Kxa4 78. Kf6 Bc8 79. Kg5 Ka5 80. Kh4 Kb6 81. Kg3 Kxc7 82. Kxh2 1/2-1/2

[Event "Regionalliga NW 1011"]
[Site "Bayern"]
[Date "2010.10.24"]
[Round "2.3"]
[White "Hertel, Hans"]
[Black "Kirschneck, Toralf"]
[Result "1-0"]
[WhiteElo "2032"]
[BlackElo "2091"]
[PlyCount "71"]
[EventDate "2010.10.10"]
[EventType "team-tourn"]
[EventRounds "9"]
[EventCountry "GER"]
[SourceTitle "EXT 2012"]
[Source "ChessBase"]
[SourceDate "2011.11.24"]
[SourceVersion "1"]
[SourceVersionDate "2011.11.24"]
[SourceQuality "1"]
[WhiteTeam "Hof PTSV"]
[BlackTeam "Marktleuthen"]
[WhiteTeamCountry "GER"]
[BlackTeamCountry "GER"]

1. d4 Nf6 2. Bg5 d5 3. e3 Ne4 4. Bh4 c5 5. Nd2 Qa5 6. c3 Nxd2 7. Qxd2 e6 8. Bd3 c4 9. Bc2 Bd7 10. Nf3 f6 11. 0-0 Bc6 12. Qe2 Bd6 13. e4 dxe4 14. Nd2 0-0 15. Nxe4 Bc7 16. Nc5 Bd5 17. Rfe1 e5 18. Qh5 h6 19. Qf5 Rf7 20. Qh7+ Kf8 21. Bg6 Qb6 22. Qh8+ Ke7 23. Qg8 Qc6 24. Bxf7 Bxf7 25. Qxg7 Na6 26. Ne4 Rg8 27. Qxf6+ Kf8 28. dxe5 Rg4 29. Qe7+ Kg7 30. Ng3 Qe6 31. Bf6+ Kg6 32. Qf8 Rxg3 33. hxg3 Bb6 34. Qg7+ Kh5 35. Re4 Bxf2+ 36. Kh1 1-0